00517nam a2200193 a 4500001001300000003000900013005001700022008004100039020000900080082001300089100002000102245006800122260004200190300000900232500003500241505001000276650001700286700002000303nice12345678IN_TiNIC20260116011852.0050524s1962 phia grp 000 0 eng  ac2400a201bJEN aJenkins, Daniel aBeyond Religionb Truth and Error in Religionless Christianity. aPhiladelphiabWestminster Pressc1962 a126p aincludes index and biblioraphy2 aIndex aChristianity1 aJenkins, Daniel